[Event "Berlin Eckbauer op 21st"]
[Site "Berlin"]
[Date "2018.11.12"]
[Round "5"]
[White "Psiakowski, Volker"]
[Black "Stoeckel, Johannes"]
[Result "0-1"]
[WhiteElo "1597"]
[BlackElo "1770"]
[PlyCount "106"]
[EventDate "2018.10.08"]
[EventType "swiss"]
[EventRounds "7"]
[EventCountry "GER"]
[SourceTitle "CBM 189 Extra"]
[Source "ChessBase"]
[SourceDate "2019.06.03"]
[SourceVersion "1"]
[SourceVersionDate "2019.06.03"]
[SourceQuality "1"]

1. e4 c6 2. d4 d5 3. e5 Bf5 4. Nf3 e6 5. Be2 Nd7 6. 0-0 h6 7. c3 Ne7 8. Na3 a6 9. Nc2 Bh7 10. Ne3 Nf5 11. Bd3 Nxe3 12. fxe3 Bxd3 13. Qxd3 c5 14. Bd2 Be7 15. e4 cxd4 16. cxd4 dxe4 17. Qxe4 0-0 18. Qg4 Kh7 19. Rf2 Rc8 20. Bc3 b5 21. a3 a5 22. Raf1 b4 23. axb4 axb4 24. Be1 Rc1 25. Nd2 Nxe5 26. dxe5 Bc5 27. Qe4+ Kg8 28. Nb3 Bxf2+ 29. Rxf2 Rd1 30. Rd2 Qb6+ 31. Kf1 Rxd2 32. Bxd2 Rd8 33. Qxb4 Qxb4 34. Bxb4 Rb8 35. Bc3 Rxb3 36. Ke2 Kf8 37. Kf3 Ke8 38. Ke4 Kd7 39. Kd4 Kc6 40. g3 Rb8 41. Ke4 Ra8 42. Kf3 Kd5 43. h4 Ra1 44. Ke3 Rg1 45. Kf2 Rc1 46. Kf3 Rxc3+ 47. bxc3 Kc4 48. Ke4 Kxc3 49. g4 Kc4 50. h5 Kc5 51. Ke3 Kd5 52. Kf4 Kd4 53. g5 hxg5+ 0-1

[Event "Berlin Eckbauer op 20th"]
[Site "Berlin"]
[Date "2017.11.27"]
[Round "7"]
[White "Psiakowski, Volker"]
[Black "Wallmann, Bodo"]
[Result "1-0"]
[WhiteElo "1585"]
[BlackElo "1814"]
[PlyCount "79"]
[EventDate "2017.10.09"]
[EventType "swiss"]
[EventRounds "7"]
[EventCountry "GER"]
[SourceTitle "CBM 189 Extra"]
[Source "ChessBase"]
[SourceDate "2019.06.03"]
[SourceVersion "1"]
[SourceVersionDate "2019.06.03"]
[SourceQuality "1"]

1. e4 c5 2. Nf3 d6 3. c3 Nc6 4. d4 cxd4 5. cxd4 Nf6 6. Nc3 e6 7. Bg5 Be7 8. Bd3 Qb6 9. Rb1 Qd8 10. a3 0-0 11. 0-0 h6 12. Be3 a6 13. h3 b5 14. Rc1 Bb7 15. Re1 Rc8 16. b4 Nb8 17. Bb1 Nbd7 18. Qd3 e5 19. d5 Nh7 20. Ne2 Nb6 21. Nd2 Re8 22. Ng3 Nf8 23. Nf5 Na8 24. Nb3 Rxc1 25. Rxc1 Bc8 26. Nxe7+ Rxe7 27. Na5 Rc7 28. Nc6 Qe8 29. f4 f6 30. f5 Bd7 31. Na5 Qc8 32. Rxc7 Qxc7 33. Qc2 Qxc2 34. Bxc2 Kf7 35. Ba7 Ke7 36. Nb7 Bc8 37. Nxd6 Kd7 38. Bc5 Nh7 39. h4 Nc7 40. a4 1-0

[Event "Berlin Eckbauer op 20th"]
[Site "Berlin"]
[Date "2017.10.16"]
[Round "2"]
[White "Psiakowski, Volker"]
[Black "Grosse, Michael"]
[Result "0-1"]
[WhiteElo "1585"]
[BlackElo "1941"]
[PlyCount "62"]
[EventDate "2017.10.09"]
[EventType "swiss"]
[EventRounds "7"]
[EventCountry "GER"]
[SourceTitle "CBM 189 Extra"]
[Source "ChessBase"]
[SourceDate "2019.06.03"]
[SourceVersion "1"]
[SourceVersionDate "2019.06.03"]
[SourceQuality "1"]

1. e4 c5 2. Nf3 a6 3. d3 Nc6 4. Be3 e6 5. g3 Nf6 6. Bg2 Be7 7. 0-0 0-0 8. Nc3 d5 9. exd5 exd5 10. d4 Bg4 11. Qd2 c4 12. Ne5 Be6 13. Nxc6 bxc6 14. Ne2 Rb8 15. b3 Ne4 16. Bxe4 dxe4 17. Nf4 Bg4 18. h3 Bf3 19. bxc4 Qd7 20. Kh2 g5 21. Ne2 h6 22. Ng1 Bh5 23. Rab1 Rxb1 24. Rxb1 f5 25. d5 c5 26. Qa5 f4 27. Bxc5 fxg3+ 28. fxg3 Bd6 29. Bxd6 Rf2+ 30. Kh1 Bf3+ 31. Nxf3 Qxh3+ 0-1